História vzniku Teórie pravdepodobnosti, hazard a pravdepodobnosť bakalárska práca

Gespeichert in:
Bibliographische Detailangaben
1. Verfasser: Lehocký, Juraj
Körperschaft: Fakulta hospodárskej informatiky EU. Katedra matematiky
Weitere Verfasser: Poljovka, Juraj
Format: Buch
Sprache:Slowakisch
Veröffentlicht: Bratislava 2009
Tags: Tag hinzufügen
Keine Tags, Fügen Sie das erste Tag hinzu!

MARC

LEADER 00000nam$a2200000$$$4500
001 0097593
005 20240318135722.5
041 0 |a slo 
044 |a SK 
245 1 0 |a História vzniku Teórie pravdepodobnosti, hazard a pravdepodobnosť  |b bakalárska práca  |c Juraj Lehocký ; škol. Juraj Poljovka 
264 1 |a Bratislava  |c 2009 
300 |a 25 s. 
100 1 |a Lehocký, Juraj 
700 1 |a Poljovka, Juraj 
710 2 |a Fakulta hospodárskej informatiky EU. Katedra matematiky